Normal view
MARC view
- يموت،عبد الهادي
Entry Personal Name
001 - CONTROL NUMBER
- control field: 7360
003 - CONTROL NUMBER IDENTIFIER
- control field: JO-AjAnu
005 - DATE AND TIME OF LATEST TRANSACTION
- control field: 20230606071506.0
008 - FIXED-LENGTH DATA ELEMENTS
- fixed length control field: 230606|| aca||aabn | a|a d
040 ## - CATALOGING SOURCE
- Original cataloging agency: JO-AjAnu
- Transcribing agency: JO-AjAnu
100 ## - HEADING--PERSONAL NAME
- Personal name: يموت،عبد الهادي
670 ## - SOURCE DATA FOUND
- Source citation: Work cat.: (JO-AjAnu)3808: يموت،عبد الهادي, author, التعاون الاقتصادي العربي وأهمية التكامل في سبيل التنمية